Miguel Angel Asturias en Italia a traves de sus cartas

Guardat en:
Dades bibliogràfiques
Autor principal: Bellini, Giuseppe
Format: Desconegut
Publicat: Roma, Italia: Universita Cattolica del Sacro Cuore,
Etiquetes: Afegir etiqueta
Sense etiquetes, Sigues el primer a etiquetar aquest registre!

MARC

LEADER 000000000a22000000004500
001 001749
022 |a 8871199103 
041 0 |a Español 
092 0 |a Centroamericana 
100 1 |a Bellini, Giuseppe 
245 1 0 |a Miguel Angel Asturias en Italia a traves de sus cartas 
260 |a Roma, Italia:   |b Universita Cattolica del Sacro Cuore, 
310 |a anual 
773 0 |t Centroamericana 
773 0 |g número 6/7 (1996) 
773 0 |g 1990- 
773 0 |g 15-27 páginas 
999 |c 2038  |d 2038